| 000 | 00589nam a2200169 i 4500 | ||
|---|---|---|---|
| 001 | 145695 | ||
| 003 | ES-MaACL | ||
| 007 | t| | ||
| 008 | 071016s1943 sp ||||1| spa d | ||
| 080 | _a616-022 | ||
| 100 | 1 |
_aVenzmer, Gerhard. _9113935 |
|
| 245 | 1 | 3 |
_aEl hombre vence a los microbios _b: la lucha contra un mundo infinitamente pequeño / _cGerhard Venzmer ; traducción directa del alemán por Fermín Fernández. |
| 260 |
_aBarcelona : _bJoaquín Gil, _c[1943] |
||
| 300 |
_a272 p. : _bil. ; _c21 cm. |
||
| 700 | 1 |
_aFernandez, Fermín. _949360 |
|
| 852 |
_aES-MaACL _jE-228 _bR.20753 |
||
| 999 |
_c145695 _d145695 |
||